Plastisches Gestalten: das Erlernen einer neuen Sprache ; Anmerkungen und Notizen zu einem weiteren "Kunst im Knast"-Versuch
| 1. VerfasserIn: | |
|---|---|
| Beteiligte: | |
| Medienart: | Druck Aufsatz |
| Sprache: | Deutsch |
| Veröffentlicht: |
1988
|
| In: |
Zeitschrift für Strafvollzug und Straffälligenhilfe
Jahr: 1988, Band: 37, Heft: 6, Seiten: 335 - 338 |
| Bestand in Albert-Krebs Bibliothek: | Z.01 24.1975 - 55.2006 |
| Verfügbarkeit prüfen: | HBZ Gateway |
| Schlagwörter: |
MARC
| LEADER | 00000caa a22000002c 4500 | ||
|---|---|---|---|
| 001 | 1818624443 | ||
| 003 | DE-627 | ||
| 005 | 20221103103914.0 | ||
| 007 | tu | ||
| 008 | 221011s1988 xx ||||| 00| ||ger c | ||
| 035 | |a (DE-627)1818624443 | ||
| 035 | |a (DE-599)KXP1818624443 | ||
| 040 | |a DE-627 |b ger |c DE-627 |e rakwb | ||
| 041 | |a ger | ||
| 084 | |a 2,1 |2 ssgn | ||
| 100 | 1 | |a Bauer, Hans G. |d 1948- |0 (DE-588)123065313 |0 (DE-627)082325863 |0 (DE-576)293540063 |4 aut | |
| 109 | |a Bauer, Hans G. 1948- |a Bauer, H. G. 1948- |a Bauer-Berg-Kuhlen, ... 1948- | ||
| 245 | 1 | 0 | |a Plastisches Gestalten |b das Erlernen einer neuen Sprache ; Anmerkungen und Notizen zu einem weiteren "Kunst im Knast"-Versuch |
| 264 | 1 | |c 1988 | |
| 336 | |a Text |b txt |2 rdacontent | ||
| 337 | |a ohne Hilfsmittel zu benutzen |b n |2 rdamedia | ||
| 338 | |a Band |b nc |2 rdacarrier | ||
| 650 | 4 | |a Strafvollzug |x Kunst |7 (dpeaa)DE-2619 | |
| 650 | 4 | |a Jugendstrafvollzug |7 (dpeaa)DE-2619 | |
| 650 | 4 | |a Vollzugsgestaltung |7 (dpeaa)DE-2619 | |
| 650 | 4 | |a Freizeitgestaltung |7 (dpeaa)DE-2619 | |
| 650 | 4 | |a Kunsttherapie |7 (dpeaa)DE-2619 | |
| 700 | 1 | |a Lipka, Bernd |4 oth | |
| 773 | 0 | 8 | |i Enthalten in |t Zeitschrift für Strafvollzug und Straffälligenhilfe |d Wiesbaden : Ges. für Fortbildung der Strafvollzugsbediensteten, 1975 |g 37(1988), 6, Seite 335 - 338 |w (DE-627)130166723 |w (DE-600)519517-2 |w (DE-576)015709817 |x 0342-3514 |7 nnas |
| 773 | 1 | 8 | |g volume:37 |g year:1988 |g number:6 |g pages:335 - 338 |
| 935 | |a mkri | ||
| 951 | |a AR | ||
| AKB | |a 24.1975 - 55.2006 |b Z.01 | ||
| ELC | |b 1 | ||
| LOK | |0 000 xxxxxcx a22 zn 4500 | ||
| LOK | |0 001 4196289495 | ||
| LOK | |0 003 DE-627 | ||
| LOK | |0 004 1818624443 | ||
| LOK | |0 005 20221011151142 | ||
| LOK | |0 008 221011||||||||||||||||ger||||||| | ||
| LOK | |0 035 |a (DE-2619)p01481 | ||
| LOK | |0 040 |a DE-2619 |c DE-627 |d DE-2619 | ||
| LOK | |0 092 |o n | ||
| LOK | |0 852 |a DE-2619 | ||
| LOK | |0 852 1 |m p |9 00 | ||
| LOK | |0 935 |a kreb | ||
| LOK | |0 938 |k p | ||
| LOK | |0 939 |a 11-10-22 |b l01 | ||
| ORI | |a SA-MARC-krimdoka001.raw | ||
